000 00892nam a2200253 i 4500
001 185480
003 SpMaBN
005 20250526173558.0
008 160610s1987 sp |||| |aspa d
020 _a84-339-3093-1
080 _a929 Bernhard, Thomas
080 _a821.112.2(436)-94"19"
100 1 _aBernhard, Thomas.
_928324
245 1 3 _aUn niño /
_cThomas Bernhard ; traducción [y epílogo] de Miguel Sáenz.
260 _aBarcelona :
_bAnagrama,
_c[1987]
300 _a159 p. ;
_c20 cm.
490 1 _aPanorama de narrativas ;
_v93
594 _aAutobiografía del autor, junto con: "El origen", "El sótano", "El aliento" y "El frío"
600 1 4 _aBernhard, Thomas.
_928324
700 1 _aSáenz, Miguel,
_d1932-
_9101299
830 0 0 _aPanorama de narrativas
_v93
_9123642
852 _aES-MaACL
_jL-30368
_z. - Donat. Miguel A. Velasco
999 _c185480
_d185480